[Event "Politiken Cup 2011"]
[Site "Helsingor"]
[Date "2011.08.05"]
[Round "8.84"]
[White "Sjol, Henrik"]
[Black "Andersen, Rune Egede"]
[Result "0-1"]
[WhiteElo "1880"]
[BlackElo "2078"]
[PlyCount "124"]
[EventDate "2011.??.??"]
[WhiteTeam "Akademisk"]
[BlackTeam "Brønshøj"]

1. d4 d5 2. Nf3 Nf6 3. g3 c5 4. Bg2 Nc6 5. O-O Bg4 6. Ne5 Bf5 7. Nxc6 bxc6 8.
c4 e6 9. Nc3 Rb8 10. cxd5 cxd5 11. Qa4+ Qd7 12. Qxd7+ Nxd7 13. dxc5 Nxc5 14. b3
Bd6 15. Bf4 Rb4 16. Bd2 Rb7 17. Be3 Nd7 18. Rfd1 O-O 19. Bc1 Nf6 20. Bb2 Rd7
21. e4 Bg4 22. f3 Bh5 23. exd5 exd5 24. Ne2 Re8 25. Nf4 Bc5+ 26. Kf1 d4 27.
Nxh5 Nxh5 28. Bh3 Rd6 29. Re1 Re3 30. Bg4 Nf6 31. Rxe3 dxe3 32. Bxf6 gxf6 33.
Rc1 Bb4 34. Ke2 Rd2+ 35. Kxe3 Rxa2 36. Rc8+ Kg7 37. Rc7 Kg6 38. Rc4 a5 39. h4
Rb2 40. Bd7 Rxb3+ 41. Ke2 Rb2+ 42. Ke3 Bd2+ 43. Kd3 Be1 44. Rg4+ Kh6 45. Be8
Rd2+ 46. Ke3 Rg2 47. Bxf7 f5 48. Rg8 Bxg3 49. f4 Bf2+ 50. Kf3 Rxg8 51. Bxg8
Bxh4 52. Be6 Kg6 53. Bb3 Kf6 54. Bc2 Be1 55. Ke2 Bb4 56. Kf3 h5 57. Kg3 Be1+
58. Kf3 h4 59. Bd1 h3 60. Bc2 Bd2 61. Bd1 h2 62. Kg2 Bxf4 0-1

[Event "Politiken Cup 2011"]
[Site "Helsingor"]
[Date "2011.08.05"]
[Round "8.85"]
[White "Nordin, Eric"]
[Black "Finnlaugsson, Gunnar"]
[Result "0-1"]
[WhiteElo "1876"]
[BlackElo "2072"]
[PlyCount "52"]
[EventDate "2011.??.??"]
[WhiteTeam "Helsingborgs SS"]
[BlackTeam "LASK"]

1. e4 c5 2. Nc3 Nc6 3. f4 d6 4. Nf3 e6 5. Bb5 Bd7 6. O-O Be7 7. d3 Nf6 8. Qe1
O-O 9. h3 a6 10. Bxc6 Bxc6 11. Be3 b5 12. Ne2 d5 13. e5 Nd7 14. d4 c4 15. f5
exf5 16. Qg3 Re8 17. Bh6 g6 18. Ng5 Bf8 19. Rxf5 f6 20. exf6 Rxe2 21. Bxf8 Nxf8
22. Kf1 Qd7 23. f7+ Kg7 24. Kxe2 Qxf5 25. Qe5+ Qxe5+ 26. dxe5 h6 0-1

[Event "Politiken Cup 2011"]
[Site "Helsingor"]
[Date "2011.08.05"]
[Round "8.97"]
[White "Jensen, Morten Frank"]
[Black "Larsen, Arne Walther"]
[Result "1-0"]
[WhiteElo "2064"]
[BlackElo "1851"]
[PlyCount "33"]
[EventDate "2011.??.??"]
[WhiteTeam "Præstø"]
[BlackTeam "Hvidovre"]

1. g3 g6 2. Bg2 Bg7 3. f4 c5 4. Nf3 Nc6 5. c3 e5 6. d3 Nge7 7. O-O O-O 8. fxe5
Nxe5 9. Nxe5 Bxe5 10. Bh6 Nf5 11. Bxf8 Qxf8 12. Qd2 Bg7 13. g4 Nh4 14. Bd5 Qd6
15. e4 Qb6 16. Qf2 g5 17. Qxf7+ 1-0

[Event "Politiken Cup 2011"]
[Site "Helsingor"]
[Date "2011.08.05"]
[Round "8.86"]
[White "Astrom, Lars"]
[Black "Carnstam, Tomas"]
[Result "1-0"]
[WhiteElo "1871"]
[BlackElo "2062"]
[PlyCount "77"]
[EventDate "2011.??.??"]
[WhiteTeam "Limhamn"]

1. e4 d5 2. exd5 Nf6 3. d4 Nxd5 4. c4 Nb6 5. h3 g6 6. Nf3 Bg7 7. Be2 O-O 8. Nc3
c6 9. Be3 N8d7 10. Qd2 Re8 11. O-O-O Qc7 12. Bh6 Bh8 13. h4 e5 14. h5 exd4 15.
hxg6 fxg6 16. Nxd4 Nf8 17. c5 Nd5 18. Bc4 Ne6 19. Rhe1 Nxc3 20. Nxe6 Bxe6 21.
Rxe6 Nd5 22. Rd6 Be5 23. Bxd5+ cxd5 24. Qxd5+ Qf7 25. Qxf7+ Kxf7 26. Rd7+ Re7
27. Bg5 Bf6 28. Rxe7+ Bxe7 29. Rd7 Re8 30. Kc2 h6 31. Rxe7+ Rxe7 32. Bxe7 Kxe7
33. Kd3 Ke6 34. Kd4 h5 35. b4 g5 36. Ke4 h4 37. f3 b6 38. cxb6 axb6 39. a4 1-0

[Event "Politiken Cup 2011"]
[Site "Helsingor"]
[Date "2011.08.05"]
[Round "8.76"]
[White "Haubro, Martin"]
[Black "Hansen, Rolf Stig"]
[Result "1-0"]
[WhiteElo "2040"]
[BlackElo "1918"]
[PlyCount "113"]
[EventDate "2011.??.??"]
[WhiteTeam "BMS"]
[BlackTeam "AS04"]

1. d4 d5 2. Bf4 Nf6 3. e3 g6 4. c4 c6 5. Nc3 Bg7 6. Bd3 O-O 7. h3 Nbd7 8. Nf3
Re8 9. Bh2 Qa5 10. O-O Nf8 11. a3 Bd7 12. b4 Qd8 13. Ne5 e6 14. Qf3 Rc8 15.
Rfc1 Re7 16. c5 Nh5 17. Rab1 f5 18. b5 Bxe5 19. Bxe5 Rf7 20. b6 axb6 21. Rxb6
Ra8 22. a4 Ra7 23. Rcb1 Be8 24. Bd6 Nf6 25. Qg3 Qc8 26. f3 Nh5 27. Qh2 Ng7 28.
Bc2 f4 29. Bxf4 Nf5 30. R6b4 Nd7 31. e4 dxe4 32. Nxe4 Nf6 33. Nxf6+ Rxf6 34.
Bb8 Ra8 35. Rxb7 Rf7 36. R7b4 Qa6 37. Bxf5 Rxf5 38. Qd6 Qe2 39. R1b2 Qe1+ 40.
Kh2 g5 41. Qg3 Qc1 42. Qd6 Qf4+ 43. Qxf4 gxf4 44. Ra2 Rf7 45. a5 Kg7 46. a6 Kg6
47. a7 Bd7 48. Rb7 Bc8 49. Rxf7 Kxf7 50. Kg1 Bb7 51. Kf2 Kg6 52. Ke2 Kf5 53.
Kd3 Bc8 54. Kc4 Kf6 55. Kb4 Ke7 56. Ka5 Kd7 57. Kb6 1-0

[Event "Politiken Cup 2011"]
[Site "Helsingor"]
[Date "2011.08.05"]
[Round "8.87"]
[White "Hyldkrog, Lars"]
[Black "Nielsen, Preben"]
[Result "1-0"]
[WhiteElo "2038"]
[BlackElo "1904"]
[PlyCount "75"]
[EventDate "2011.??.??"]
[WhiteTeam "LVS"]
[BlackTeam "Helsingør"]

1. e4 c5 2. Nf3 Nc6 3. d4 cxd4 4. Nxd4 Nf6 5. Nc3 d6 6. Bg5 h6 7. Bxf6 gxf6 8.
Qd2 Bd7 9. O-O-O Rg8 10. f4 a6 11. g3 Qa5 12. Nb3 Qd8 13. Bg2 Bg7 14. Nd4 Qa5
15. Nb3 Qd8 16. f5 Ne5 17. Nd5 b5 18. Qa5 Qxa5 19. Nxa5 Ra7 20. b3 Bc6 21. Nxc6
Nxc6 22. Rd3 Kd7 23. Rc3 Rb8 24. Bf3 Ne5 25. Bh5 e6 26. Nf4 b4 27. Re3 Rc7 28.
Bxf7 Nxf7 29. fxe6+ Kc8 30. exf7 Rxf7 31. Rd1 Rb6 32. Red3 f5 33. Rxd6 Rxd6 34.
Rxd6 fxe4 35. Re6 Rd7 36. Rxe4 a5 37. Rc4+ Kb7 38. Ne6 1-0

[Event "Politiken Cup 2011"]
[Site "Helsingor"]
[Date "2011.08.05"]
[Round "8.99"]
[White "Nielsen, Frode B"]
[Black "Barane, Simon"]
[Result "0-1"]
[WhiteElo "2028"]
[BlackElo "1830"]
[PlyCount "76"]
[EventDate "2011.??.??"]
[WhiteTeam "Frederiksberg"]
[BlackTeam "Sandness"]

1. c4 Nf6 2. Nc3 c6 3. e4 d5 4. cxd5 cxd5 5. Bb5+ Bd7 6. e5 d4 7. exf6 dxc3 8.
Bxd7+ Qxd7 9. dxc3 Qxd1+ 10. Kxd1 exf6 11. Nf3 Bc5 12. Re1+ Kd7 13. Re2 Nc6 14.
Bf4 Rad8 15. Kc2 Rhe8 16. Rd1+ Kc8 17. Rxd8+ Kxd8 18. Rd2+ Kc8 19. b4 Bb6 20.
Nd4 Bxd4 21. cxd4 Nxb4+ 22. Kb3 Nd5 23. Bg3 Kd7 24. Kc4 Ne7 25. Rb2 Rc8+ 26.
Kd3 b6 27. Rb5 Kc6 28. Rb2 Kd7 29. Rb5 Rc6 30. Rh5 h6 31. Rb5 a6 32. Rb2 f5 33.
h4 Nd5 34. f3 Rc3+ 35. Kd2 Rc4 36. Bf2 b5 37. Rc2 Ra4 38. Ke1 Nb4 0-1

[Event "Politiken Cup 2011"]
[Site "Helsingor"]
[Date "2011.08.05"]
[Round "8.88"]
[White "Andersen, Troels Baekgaard"]
[Black "Mortensen, Henrik"]
[Result "1-0"]
[WhiteElo "1620"]
[BlackElo "2024"]
[PlyCount "55"]
[EventDate "2011.??.??"]
[WhiteTeam "Skovbo"]
[BlackTeam "Horsens"]

1. e4 c5 2. Nf3 Nc6 3. d4 cxd4 4. Nxd4 Nf6 5. Nc3 e5 6. Ndb5 h6 7. Nd5 Nxd5 8.
exd5 Nb8 9. d6 Na6 10. Qd5 Qf6 11. Bd2 g6 12. Bc3 Bg7 13. Bd3 O-O 14. O-O Qe6
15. Bc4 Qxd5 16. Bxd5 Nc5 17. Rae1 Na4 18. Bxe5 Nxb2 19. Bxg7 Kxg7 20. Bb3 a5
21. a4 Ra6 22. Rb1 Nxa4 23. Bxa4 Rc6 24. Rfe1 b6 25. Re7 Kf6 26. f3 Ba6 27.
Rxd7 Bxb5 28. Rxb5 1-0

[Event "Politiken Cup 2011"]
[Site "Helsingor"]
[Date "2011.08.05"]
[Round "8.126"]
[White "Radice, Luca"]
[Black "Bremer, Erik"]
[Result "1-0"]
[WhiteElo "2021"]
[BlackElo "1578"]
[PlyCount "57"]
[EventDate "2011.??.??"]
[WhiteTeam "Monza"]
[BlackTeam "Blindes Skakklub"]

1. d4 Nf6 2. c4 e6 3. Nc3 d5 4. Bg5 c6 5. e3 Nbd7 6. Nf3 Qa5 7. cxd5 Nxd5 8.
Qb3 Bb4 9. Rc1 O-O 10. Bc4 h6 11. Bh4 Bd6 12. O-O Nxc3 13. bxc3 Qc7 14. e4 e5
15. Rfe1 Nb6 16. Bg3 Nxc4 17. Qxc4 Be6 18. Qa4 b5 19. Qc2 f6 20. Nd2 Qb6 21.
Rb1 Rad8 22. Nf3 Bc4 23. Red1 Kh8 24. dxe5 fxe5 25. Nxe5 Bxe5 26. Rxd8 Rxd8 27.
Bxe5 Bd3 28. Qd2 Bxb1 29. Qxh6+ 1-0

[Event "Politiken Cup 2011"]
[Site "Helsingor"]
[Date "2011.08.05"]
[Round "8.100"]
[White "Molvig, Julius"]
[Black "Pimenta, Antonio"]
[Result "1-0"]
[WhiteElo "1842"]
[BlackElo "2006"]
[PlyCount "113"]
[EventDate "2011.??.??"]
[WhiteTeam "Roskilde"]
[BlackTeam "Dommeldange Beggen"]

1. d4 d5 2. c4 c6 3. Nf3 e6 4. Nc3 Nf6 5. cxd5 exd5 6. Bf4 Bd6 7. Bxd6 Qxd6 8.
e3 Bf5 9. Bd3 Bxd3 10. Qxd3 Nbd7 11. O-O O-O 12. a3 a5 13. Rab1 h6 14. b4 axb4
15. axb4 Ra3 16. b5 Ne4 17. Nxe4 dxe4 18. Qxe4 Nf6 19. Qe5 Qd5 20. Qe7 Ra5 21.
bxc6 bxc6 22. Rfc1 Ne4 23. Qe5 Qxe5 24. Nxe5 c5 25. Nc6 Ra2 26. dxc5 Re8 27.
Rb8 Rxb8 28. Nxb8 Nxc5 29. f3 Nd3 30. Rd1 Ne5 31. e4 Kh7 32. Rd4 Rc2 33. Na6
Kg6 34. Nb4 Rb2 35. Nd5 Nc6 36. Nf4+ Kh7 37. Rd7 Kg8 38. Nd5 Ne5 39. Rd8+ Kh7
40. Ne3 Re2 41. Nf5 Nc4 42. Rf8 f6 43. Rf7 Ne3 44. Rxg7+ Kh8 45. Rg6 Nxf5 46.
exf5 Re5 47. g4 h5 48. Rxf6 hxg4 49. fxg4 Kg7 50. Re6 Ra5 51. Kg2 Ra2+ 52. Kg3
Ra3+ 53. Kf4 Ra4+ 54. Kg5 Ra2 55. h4 Ra7 56. f6+ Kh8 57. Re8+ 1-0

[Event "Politiken Cup 2011"]
[Site "Helsingor"]
[Date "2011.08.05"]
[Round "8.133"]
[White "Kristensen, Lars Østergaard"]
[Black "Celander, Adam"]
[Result "0-1"]
[WhiteElo "1544"]
[BlackElo "2006"]
[PlyCount "104"]
[EventDate "2011.??.??"]
[WhiteTeam "Lyngby.Virum"]

1. e4 e5 2. Nf3 Nf6 3. Nc3 Bb4 4. Bc4 O-O 5. O-O Nc6 6. Re1 d6 7. d4 Bg4 8. a3
Ba5 9. Be2 Bxf3 10. Bxf3 exd4 11. b4 Nxb4 12. axb4 Bb6 13. Ne2 c5 14. Ba3 Nd7
15. bxc5 dxc5 16. Nxd4 Ne5 17. Nb3 Qe7 18. Qe2 Qg5 19. Qe3 Qxe3 20. fxe3 Rac8
21. Rad1 Nc4 22. Bc1 a5 23. Nd2 Nxe3 24. Rxe3 c4 25. Rde1 Rfd8 26. Kf1 Bxe3 27.
Rxe3 a4 28. Rc3 b5 29. Ke2 b4 30. Re3 b3 31. cxb3 cxb3 32. Nxb3 axb3 33. Rxb3
Rxc1 34. Rd3 Rxd3 35. Kxd3 Kf8 36. Kd4 f6 37. Kd5 Ke7 38. Kd4 Kd6 39. Ke3 Ke5
40. h3 Re1+ 41. Kf2 Rxe4 42. Bxe4 Kxe4 43. Ke2 Kf4 44. Kf2 g5 45. g3+ Ke4 46.
Ke2 h5 47. Kf2 g4 48. hxg4 hxg4 49. Kg2 Ke3 50. Kh2 Kf3 51. Kg1 Kxg3 52. Kf1
Kh2 0-1

[Event "Politiken Cup 2011"]
[Site "Helsingor"]
[Date "2011.08.05"]
[Round "8.101"]
[White "Petersen, Tom"]
[Black "Rasmussen, Henning"]
[Result "1/2-1/2"]
[WhiteElo "1997"]
[BlackElo "1829"]
[PlyCount "129"]
[EventDate "2011.??.??"]
[WhiteTeam "Silkeborg"]
[BlackTeam "Nykøbing Sjælland"]

1. d4 Nf6 2. Nf3 g6 3. Bf4 Bg7 4. e3 d6 5. Bc4 O-O 6. O-O Bg4 7. Nbd2 c6 8. h3
Bxf3 9. Nxf3 Nbd7 10. c3 Qc7 11. Qc2 e5 12. dxe5 dxe5 13. Bh2 b5 14. Bb3 c5 15.
a4 c4 16. Ba2 a6 17. b3 cxb3 18. Qxb3 Nc5 19. Qa3 Nfd7 20. axb5 axb5 21. Qb4
Rab8 22. Ng5 h6 23. Nf3 Qb6 24. Rab1 Qc6 25. Rfd1 Kh7 26. Bd5 Qb6 27. Qh4 Bf6
28. Qg4 Bg7 29. Qb4 f6 30. Ne1 Rfd8 31. Nd3 Nxd3 32. Rxd3 Nc5 33. Rdd1 Rd6 34.
e4 Bf8 35. Qb2 Na6 36. Qe2 Nc7 37. c4 Qc5 38. cxb5 Rxb5 39. Bf7 Rxd1+ 40. Rxd1
Kg7 41. Ba2 Bd6 42. Kh1 Rb4 43. f3 Nb5 44. Bg1 Nd4 45. Qa6 h5 46. h4 Qc7 47.
Qa8 Rb8 48. Qd5 Qe7 49. Bxd4 exd4 50. Rxd4 Be5 51. Qd7 Re8 52. Rd5 Kf8 53.
Qxe7+ Kxe7 54. g4 hxg4 55. fxg4 Rh8 56. h5 gxh5 57. g5 Rc8 58. gxf6+ Kxf6 59.
Ra5 Rd8 60. Bd5 Re8 61. Ra6+ Kg5 62. Kg2 Kf4 63. Rc6 Kg5 64. Re6 Rxe6 65. Bxe6
1/2-1/2

[Event "Politiken Cup 2011"]
[Site "Helsingor"]
[Date "2011.08.05"]
[Round "8.102"]
[White "Bauder, Herbert"]
[Black "Larsen, Eigil"]
[Result "1/2-1/2"]
[WhiteElo "1971"]
[BlackElo "1811"]
[PlyCount "131"]
[EventDate "2011.??.??"]
[WhiteTeam "SG Lasker-Stieglitz Berlin"]
[BlackTeam "Nordkalotten"]

1. d4 Nf6 2. Nf3 b6 3. c4 e6 4. a3 Bb7 5. Nc3 c5 6. d5 exd5 7. cxd5 d6 8. e4 g6
9. Bg5 a6 10. Be2 Bg7 11. O-O O-O 12. a4 Nbd7 13. Nd2 Qc7 14. Nc4 Rae8 15. Bf4
Ne5 16. Nxe5 dxe5 17. Be3 Rd8 18. Qc2 Rc8 19. Rac1 Ne8 20. Nb1 Nd6 21. Nd2 f5
22. f3 fxe4 23. fxe4 Rxf1+ 24. Rxf1 c4 25. Bg4 Rb8 26. b3 b5 27. bxc4 bxc4 28.
Rc1 Bc8 29. Be2 Bd7 30. Bxc4 Qa5 31. Bb3 Rc8 32. Qb2 Rxc1+ 33. Qxc1 Qb4 34. Qc5
Qxc5 35. Bxc5 Nb7 36. Be3 Kf7 37. Nc4 Kf6 38. Nb6 Be8 39. h4 Bf8 40. Nc4 Bc5
41. Kf2 Bxe3+ 42. Kxe3 Nc5 43. Bc2 Bxa4 44. Bxa4 Nxa4 45. g4 h6 46. Na5 Nc5 47.
Nc6 Nb3 48. Nb8 Nc5 49. Nc6 Nd7 50. Nb4 a5 51. Nd3 a4 52. Kd2 Ke7 53. Kc3 Kd6
54. Kb4 Nf6 55. Nf2 Nxd5+ 56. exd5 Kxd5 57. Kxa4 Kd4 58. h5 gxh5 59. gxh5 e4
60. Nh3 Ke3 61. Kb3 Kf3 62. Kc3 Kg4 63. Nf2+ Kxh5 64. Nxe4 Kg4 65. Kd3 Kf3 66.
Nf6 1/2-1/2

[Event "Politiken Cup 2011"]
[Site "Helsingor"]
[Date "2011.08.05"]
[Round "8.103"]
[White "Okland, Sveinung"]
[Black "Vesterli, Michael E"]
[Result "0-1"]
[WhiteElo "1836"]
[BlackElo "1969"]
[PlyCount "68"]
[EventDate "2011.??.??"]
[WhiteTeam "Sandness"]
[BlackTeam "BMS"]

1. d4 Nf6 2. Bf4 g6 3. e3 Bg7 4. Nf3 O-O 5. Be2 d6 6. O-O Nbd7 7. h3 c5 8. c3
a6 9. a4 Rb8 10. Na3 cxd4 11. exd4 Nb6 12. Re1 Bd7 13. a5 Nbd5 14. Bd2 Ne4 15.
Bc4 Nxd2 16. Qxd2 Bc6 17. Nc2 e6 18. Bb3 Qf6 19. Qg5 Nf4 20. d5 Nxd5 21. Qxf6
Bxf6 22. Rad1 Rfd8 23. Ncd4 Ne7 24. Nxe6 fxe6 25. Rxe6 Kg7 26. Rexd6 Nf5 27.
Rxd8 Rxd8 28. Rxd8 Bxd8 29. Bc4 Bxa5 30. b4 Bb6 31. Kf1 Nd6 32. Bd3 Ne4 33. c4
Nxf2 34. Be2 Ne4 0-1

[Event "Politiken Cup 2011"]
[Site "Helsingor"]
[Date "2011.08.05"]
[Round "8.120"]
[White "Jorgensen, Morten"]
[Black "Brobakken, Geir"]
[Result "0-1"]
[WhiteElo "1727"]
[BlackElo "1966"]
[PlyCount "98"]
[EventDate "2011.??.??"]
[WhiteTeam "Tårnby"]
[BlackTeam "Hamar"]

1. d4 Nf6 2. c4 e5 3. dxe5 Ng4 4. Bf4 Nc6 5. Nf3 Bb4+ 6. Nbd2 Qe7 7. e3 Ngxe5
8. Nxe5 Nxe5 9. b3 d6 10. Be2 b6 11. O-O Bxd2 12. Qxd2 Bb7 13. Rac1 O-O 14. Qc3
Ng6 15. Bg3 Rfe8 16. Rfe1 a5 17. a4 Nh4 18. Bf1 Nf5 19. Rcd1 h5 20. e4 Nxg3 21.
hxg3 Qe5 22. Qxe5 Rxe5 23. f3 Rae8 24. Kf2 f6 25. Bd3 Kf7 26. Bf1 R8e7 27. Bd3
Kf8 28. Bc2 g5 29. Rh1 g4 30. f4 Rc5 31. Rd4 Kg7 32. f5 Kh6 33. Re1 Rce5 34.
Bb1 Kg5 35. Bc2 h4 36. gxh4+ Kxh4 37. g3+ Kg5 38. Bb1 Rh7 39. Kg2 Rxf5 40. Rd5
Re5 41. Rxe5+ dxe5 42. Rf1 Rd7 43. Rf2 Rd4 44. Re2 f5 45. Kf2 f4 46. gxf4+ exf4
47. e5 g3+ 48. Ke1 f3 49. Re3 Kf4 0-1

[Event "Politiken Cup 2011"]
[Site "Helsingor"]
[Date "2011.08.05"]
[Round "8.104"]
[White "Stolberg-Rohr, Thomine"]
[Black "Rasmussen, Ole"]
[Result "1-0"]
[WhiteElo "1964"]
[BlackElo "1769"]
[PlyCount "121"]
[EventDate "2011.??.??"]
[WhiteTeam "Evans"]
[BlackTeam "Hillerød"]

1. c4 Nf6 2. Nc3 e5 3. Nf3 d6 4. d4 exd4 5. Nxd4 g6 6. Bg5 Nbd7 7. e4 Bg7 8.
Be2 O-O 9. Qd2 c6 10. O-O-O Qa5 11. Nb3 Qb4 12. Qxd6 Qxd6 13. Rxd6 Re8 14. f3
h6 15. Bh4 a5 16. Na4 g5 17. Bg3 b5 18. cxb5 cxb5 19. Bxb5 Ra7 20. Rhd1 Re7 21.
Rc6 Re8 22. e5 Nh5 23. e6 fxe6 24. Kb1 Nxg3 25. Rxc8 Rxc8 26. Rxd7 Rxd7 27.
Bxd7 Rd8 28. Bxe6+ Kf8 29. hxg3 Rd1+ 30. Kc2 Rg1 31. Bh3 h5 32. Kd2 g4 33. fxg4
hxg4 34. Bxg4 Rxg2+ 35. Be2 Rxg3 36. Nc3 Bh6+ 37. Kc2 Rg5 38. a4 Bg7 39. Bb5
Rg2+ 40. Nd2 Bh6 41. Nce4 Ke7 42. b3 Kd8 43. Kd3 Bf8 44. Nc4 Bb4 45. Kd4 Rg1
46. Ne3 Rb1 47. Bc4 Kc8 48. Nd5 Rd1+ 49. Ke5 Be1 50. Kd6 Rd4 51. Nc5 Bb4 52.
Kc6 Ba3 53. Kb6 Rh4 54. Ba6+ Kd8 55. Nb7+ Kd7 56. Bb5+ Kc8 57. Nxa5 Rh6+ 58.
Bc6 Bb2 59. Nb7 Bd4+ 60. Nc5 Rh3 61. b4 1-0

[Event "Politiken Cup 2011"]
[Site "Helsingor"]
[Date "2011.08.05"]
[Round "8.121"]
[White "Hansen, Anders"]
[Black "Knudsen, Jes West"]
[Result "0-1"]
[WhiteElo "1721"]
[BlackElo "1960"]
[PlyCount "68"]
[EventDate "2011.??.??"]
[WhiteTeam "Harplinge"]
[BlackTeam "Allerød"]

1. Nf3 f5 2. d4 Nf6 3. c4 g6 4. Nc3 d6 5. g3 Bg7 6. Bg2 Nc6 7. O-O Ne4 8. Nxe4
fxe4 9. Ng5 Nxd4 10. e3 Nc6 11. Qd5 Ne5 12. Bxe4 c6 13. Qd1 e6 14. f4 d5 15.
cxd5 exd5 16. fxe5 Qxg5 17. Bxd5 cxd5 18. Qxd5 Qe7 19. e4 Be6 20. Qa5 b6 21.
Qb5+ Bd7 22. Qd5 Qc5+ 23. Kg2 Qxd5 24. exd5 Bf5 25. Re1 Rd8 26. d6 Kd7 27. Bd2
Rc8 28. Bc3 Be6 29. a4 Rhf8 30. a5 b5 31. Rad1 Rc4 32. Rd4 a6 33. Ree4 Rxd4 34.
Rxd4 Bxe5 0-1

[Event "Politiken Cup 2011"]
[Site "Helsingor"]
[Date "2011.08.05"]
[Round "8.105"]
[White "Andersen, Claus Nis"]
[Black "Hjornevik, Knut J"]
[Result "0-1"]
[WhiteElo "1811"]
[BlackElo "1959"]
[PlyCount "102"]
[EventDate "2011.??.??"]
[WhiteTeam "Rokaden"]
[BlackTeam "Sandness"]

1. d4 d5 2. Nf3 Nc6 3. c3 Nf6 4. Bg5 e6 5. e3 Be7 6. Bd3 O-O 7. Qc2 h6 8. Bh4
a6 9. Nbd2 Nd7 10. Bxe7 Qxe7 11. g4 e5 12. dxe5 Ndxe5 13. Bf5 Nxg4 14. Bxg4
Bxg4 15. Rg1 Bh5 16. Qf5 Bg6 17. Qxd5 Kh7 18. O-O-O Rfd8 19. Qc4 Ne5 20. Nxe5
Qxe5 21. Qh4 Rd6 22. Nc4 Qf5 23. e4 Rxd1+ 24. Rxd1 Qe6 25. b3 f5 26. Qg3 Qxe4
27. f4 Re8 28. Rg1 Qc6 29. Ne5 Rxe5 30. fxe5 f4 31. Qe1 Bf5 32. h4 Qc5 33. Rf1
Qa3+ 34. Kd1 Qxa2 35. Rf2 Qxb3+ 36. Ke2 g5 37. hxg5 hxg5 38. Kf1 Kg6 39. Kg1
Qd5 40. Qe2 Be4 41. Qg4 Qxe5 42. Rh2 Qc5+ 43. Rf2 Bf5 44. Qe2 Qc6 45. Qa2 Qe6
46. Qd2 Bh3 47. Qd3+ Kh5 48. Qh7+ Kg4 49. Qb1 Qe3 50. Qd1+ Kg3 51. c4 Qxf2+ 0-1

[Event "Politiken Cup 2011"]
[Site "Helsingor"]
[Date "2011.08.05"]
[Round "8.106"]
[White "Gupta, Sudhir Kumar"]
[Black "Schmitt, Carsten"]
[Result "0-1"]
[WhiteElo "1791"]
[BlackElo "1959"]
[PlyCount "146"]
[EventDate "2011.??.??"]
[WhiteTeam "Stavanger"]
[BlackTeam "SV Bergwinkel"]

1. Nf3 c5 2. g3 e6 3. c4 d5 4. Bg2 Nc6 5. cxd5 exd5 6. O-O Nf6 7. d4 Be7 8. Nc3
O-O 9. Bg5 c4 10. Ne5 Be6 11. Nxc6 bxc6 12. Re1 Rc8 13. Rc1 Re8 14. e3 h6 15.
Bxf6 Bxf6 16. Qa4 Qb6 17. b4 Rb8 18. a3 Re7 19. Qc2 a5 20. Rb1 axb4 21. Rxb4
Qa7 22. Rxb8+ Qxb8 23. Rb1 Qa8 24. Qb2 Ra7 25. Qb8+ Qxb8 26. Rxb8+ Kh7 27. a4
Ra5 28. Rb6 c5 29. Nxd5 cxd4 30. Nxf6+ gxf6 31. exd4 Rxa4 32. Be4+ f5 33. d5
Ra1+ 34. Kg2 fxe4 35. dxe6 fxe6 36. Rxe6 c3 37. Rc6 Rc1 38. Rc4 c2 39. Kh3 Kg6
40. Kg4 h5+ 41. Kf4 Kf6 42. Rc6+ Ke7 43. h4 Kd7 44. Rc3 Ke6 45. Ke3 Kd5 46. Kd2
Rf1 47. Kxc2 Kd4 48. Ra3 Rxf2+ 49. Kd1 Rf3 50. Ra4+ Ke3 51. Ke1 Rxg3 52. Kf1
Rg4 53. Ra3+ Kf4 54. Rh3 Rg3 55. Rh2 Ra3 56. Re2 Rh3 57. Kg2 Rxh4 58. Rf2+ Ke5
59. Ra2 Rg4+ 60. Kh3 Kf4 61. Rf2+ Ke3 62. Rf5 Kd2 63. Rxh5 Rg8 64. Rd5+ Ke2 65.
Ra5 e3 66. Rf5 Ke1 67. Rd5 e2 68. Rd7 Rg1 69. Kh2 Rg4 70. Kh3 Rf4 71. Kg3 Rf2
72. Rd6 Kf1 73. Rh6 Rg2+ 0-1

[Event "Politiken Cup 2011"]
[Site "Helsingor"]
[Date "2011.08.05"]
[Round "8.107"]
[White "Jacobsen, Fredrik Beer"]
[Black "Merkesvik, Sondre"]
[Result "1/2-1/2"]
[WhiteElo "1956"]
[BlackElo "1762"]
[PlyCount "39"]
[EventDate "2011.??.??"]
[WhiteTeam "Stavanger"]
[BlackTeam "Bergens"]

1. d4 Nf6 2. Nf3 d6 3. c4 Nbd7 4. Nc3 c6 5. g3 g6 6. Bg2 Bg7 7. O-O O-O 8. h3
Re8 9. Be3 Qc7 10. Rc1 a6 11. a4 Rb8 12. Qd2 c5 13. Nd5 Qd8 14. Rfd1 Nxd5 15.
cxd5 b6 16. b4 cxb4 17. Qxb4 b5 18. Ne1 a5 19. Qd2 b4 20. Nd3 1/2-1/2

[Event "Politiken Cup 2011"]
[Site "Helsingor"]
[Date "2011.08.05"]
[Round "8.108"]
[White "Andersen, Guttorm"]
[Black "Hess, Peter"]
[Result "0-1"]
[WhiteElo "1768"]
[BlackElo "1948"]
[PlyCount "83"]
[EventDate "2011.??.??"]
[WhiteTeam "SK Stjernen"]

1. d4 d5 2. c4 c6 3. Nf3 Nf6 4. Nc3 dxc4 5. a4 Bf5 6. Ne5 Nbd7 7. Nxc4 Nb6 8.
e3 Nxc4 9. Bxc4 e6 10. O-O Be7 11. f3 O-O 12. e4 Bg6 13. Bf4 Qb6 14. Qd2 Rad8
15. Be3 Qb4 16. Qe2 Qa5 17. Rfd1 Rd7 18. Kh1 Rfd8 19. Qf2 b6 20. g4 e5 21. g5
exd4 22. gxf6 Bxf6 23. Nd5 dxe3 24. Nxf6+ gxf6 25. Rxd7 exf2 26. Rxd8+ Kg7 27.
Kg2 b5 28. Rd4 c5 29. Rd5 bxc4 30. Kxf2 Qb4 31. Rad1 Qxb2+ 32. R5d2 Qb3 33. Rc1
f5 34. Rdc2 fxe4 35. fxe4 Bxe4 36. Rc3 Qxa4 37. Rxc4 Qa2+ 38. Ke3 Bg6 39. h4
Qh2 40. Rf4 Qg3+ 41. Rf3 Qxh4 42. Rxc5 0-1

[Event "Politiken Cup 2011"]
[Site "Helsingor"]
[Date "2011.08.05"]
[Round "8.109"]
[White "Nordstrom, Håkon Namtved"]
[Black "Munk, Poul"]
[Result "1/2-1/2"]
[WhiteElo "1768"]
[BlackElo "1942"]
[PlyCount "111"]
[EventDate "2011.??.??"]
[WhiteTeam "Fanø Sjakklubb"]
[BlackTeam "BMS"]

1. d4 d5 2. Nf3 Nf6 3. e3 e6 4. Bd3 Be7 5. b3 Nbd7 6. Bb2 b6 7. Nbd2 Bb7 8. O-O
O-O 9. Ne5 Nxe5 10. dxe5 Nd7 11. f4 g6 12. Qg4 Nc5 13. f5 exf5 14. Rxf5 Nxd3
15. cxd3 Bc8 16. e6 Bxe6 17. Qd4 f6 18. Rf3 c5 19. Qh4 f5 20. Qh6 Bf6 21. Rh3
Rf7 22. Bxf6 Qxf6 23. Rf1 Qg7 24. Qf4 g5 25. Qd6 Re8 26. Nf3 g4 27. Rg3 Qf6 28.
Ne5 Rg7 29. Nxg4 Qe7 30. Nh6+ Kh8 31. Qxe7 Rgxe7 32. Nxf5 Bxf5 33. Rxf5 Rxe3
34. Rxe3 Rxe3 35. Rxd5 Re2 36. Rd8+ Kg7 37. Rd7+ Kg8 38. Rxa7 Rd2 39. Ra8+ Kg7
40. Ra7+ Kg8 41. Rb7 Rxa2 42. Rxb6 Rd2 43. b4 cxb4 44. Rxb4 Rxd3 45. Kf2 Kg7
46. Re4 Ra3 47. g3 Ra2+ 48. Re2 Ra3 49. h3 Kg6 50. Re3 Ra2+ 51. Kf3 Rh2 52. Kg4
Ra2 53. h4 h5+ 54. Kf4 Kf6 55. Rb3 Ra4+ 56. Kf3 1/2-1/2

[Event "Politiken Cup 2011"]
[Site "Helsingor"]
[Date "2011.08.05"]
[Round "8.110"]
[White "Pedersen, Carl Aage"]
[Black "Zachariassen, John"]
[Result "0-1"]
[WhiteElo "1752"]
[BlackElo "1936"]
[PlyCount "94"]
[EventDate "2011.??.??"]
[WhiteTeam "Gladsaxe"]
[BlackTeam "Enkeltmedlem"]

1. d4 Nf6 2. c4 d6 3. Nc3 Nbd7 4. e3 e5 5. Nge2 Be7 6. Ng3 g6 7. Be2 O-O 8. O-O
c6 9. b3 Ne8 10. d5 f5 11. f4 Ndf6 12. e4 fxe4 13. Ncxe4 cxd5 14. cxd5 Nxe4 15.
Nxe4 Bf5 16. Ng3 e4 17. Nxf5 gxf5 18. Bb2 Bf6 19. Bxf6 Qxf6 20. Rc1 Qg7 21. Qd2
Nf6 22. Rc3 Qd7 23. a4 a6 24. Rg3+ Kf7 25. Rc1 Rac8 26. Rgc3 Rxc3 27. Qxc3 Ke7
28. Qd2 Rc8 29. Rxc8 Qxc8 30. Bc4 b5 31. axb5 axb5 32. Bf1 Qc5+ 33. Kh1 Qxd5
34. Qxd5 Nxd5 35. Bxb5 Nxf4 36. g3 Ne6 37. Bc4 Nc7 38. Bg8 h6 39. Kg2 Kf6 40.
b4 Ke5 41. Bh7 Nb5 42. Bg6 d5 43. Be8 Nd6 44. Ba4 Nc4 45. Kf2 d4 46. Bd7 Nb6
47. Bb5 Nd5 0-1

[Event "Politiken Cup 2011"]
[Site "Helsingor"]
[Date "2011.08.05"]
[Round "8.111"]
[White "Svanholm, Borge Waaktaar"]
[Black "Satre, Mathias"]
[Result "1/2-1/2"]
[WhiteElo "1926"]
[BlackElo "1756"]
[PlyCount "38"]
[EventDate "2011.??.??"]
[WhiteTeam "SK Stjernen"]
[BlackTeam "Bergen"]

1. c4 g6 2. d4 Bg7 3. Nf3 Nf6 4. g3 d6 5. Bg2 O-O 6. O-O Nc6 7. Nc3 e5 8. d5
Ne7 9. e4 Nh5 10. Ne1 Bd7 11. Nd3 f5 12. exf5 Bxf5 13. Be3 Qd7 14. Qd2 Bh3 15.
Bh6 Bxg2 16. Kxg2 Nf5 17. Bxg7 Nh4+ 18. gxh4 Qg4+ 19. Kh1 Qf3+ 1/2-1/2